[Event "World Blitz 2023"]
[Site "Samarkand UZB"]
[Date "2023.12.29"]
[Round "1.8"]
[White "Guha Mitrabha"]
[Black "Daniil Dubov"]
[Result "0-1"]
[EventDate "2023.12.29"]
[WhiteElo "2512"]
[BlackElo "2763"]
[PlyCount "58"]

1. Nf3 Nf6 2. c4 g6 3. g3 Bg7 4. Bg2 O-O 5. O-O d6 6. Nc3 a5 7. d3 e5 8. Rb1 Re8 9. Bg5 Nbd7 10. a3 h6 11. Bxf6 Nxf6 12. Nd2 h5 13. h4 c6 14. b4 axb4 15. axb4 d5 16. b5 Bg4 17. Re1 e4 18. bxc6 bxc6 19. cxd5 e3 20. dxc6 exf2+ 21. Kxf2 Qd4+ 22. Kf1 Qxc3 23. Qc1 Qe5 24. Nf3 Qxg3 25. Qc5 Bxf3 26. Bxf3 Ng4 27. Bxg4 Qxg4 28. Rb4 Qh3+ 29. Kf2 Bf8 0-1

[Event "World Blitz 2023"]
[Site "Samarkand UZB"]
[Date "2023.12.29"]
[Round "2.6"]
[White "Daniil Dubov"]
[Black "Timur Gareyev"]
[Result "1-0"]
[EventDate "2023.12.29"]
[WhiteElo "2763"]
[BlackElo "2569"]
[PlyCount "66"]

1. d4 d6 2. Nf3 Nf6 3. g3 b5 4. Qd3 Ba6 5. Bg2 e6 6. O-O Be7 7. Re1 d5 8. Bg5 O-O 9. Nbd2 c5 10. e4 b4 11. Qe3 Nbd7 12. e5 cxd4 13. Qxd4 Ne8 14. h4 h6 15. Bxe7 Qxe7 16. a3 bxa3 17. Rxa3 Nc7 18. Ra5 Bb7 19. Bf1 a6 20. Bd3 Rfc8 21. Nb3 Ne8 22. Rea1 Rc6 23. Qf4 Rc7 24. Nfd4 f6 25. exf6 Ndxf6 26. Qe5 Bc8 27. Bxa6 Bxa6 28. Rxa6 Ng4 29. Qe2 Rxa6 30. Rxa6 Nef6 31. Rxe6 Qf7 32. f3 Ra7 33. fxg4 1-0

[Event "World Blitz 2023"]
[Site "Samarkand UZB"]
[Date "2023.12.29"]
[Round "3.3"]
[White "Aleksandr Shimanov"]
[Black "Daniil Dubov"]
[Result "0-1"]
[EventDate "2023.12.29"]
[WhiteElo "2611"]
[BlackElo "2763"]
[PlyCount "56"]

1. d4 Nf6 2. Nf3 g6 3. c4 Bg7 4. Nc3 d6 5. e4 O-O 6. Be2 Re8 7. O-O Nc6 8. d5 Nb4 9. Bg5 e6 10. dxe6 Bxe6 11. Nd4 Bd7 12. f3 c6 13. Kh1 h6 14. Bh4 a5 15. a3 Na6 16. Rb1 Nc5 17. b4 axb4 18. axb4 Ne6 19. Nxe6 Bxe6 20. Qc2 g5 21. Bf2 Nh5 22. c5 Ra3 23. Be1 Nf4 24. Rd1 Bb3 25. Qb2 Bxd1 26. Bxd1 Ra8 27. Bc2 dxc5 28. bxc5 Nd3 0-1

[Event "World Blitz 2023"]
[Site "Samarkand UZB"]
[Date "2023.12.29"]
[Round "4.3"]
[White "Daniil Dubov"]
[Black "Aleksandar Indjic"]
[Result "1-0"]
[EventDate "2023.12.29"]
[WhiteElo "2763"]
[BlackElo "2631"]
[PlyCount "118"]

1. d4 Nf6 2. c4 e6 3. Nf3 c5 4. g3 cxd4 5. Nxd4 d5 6. Bg2 e5 7. Nf3 d4 8. O-O Nc6 9. e3 Be7 10. exd4 exd4 11. Bf4 Be6 12. Nbd2 O-O 13. Re1 h6 14. Ne5 Qb6 15. Nb3 Bb4 16. c5 Qa6 17. Bf1 Qa4 18. Nxc6 Qxc6 19. Nxd4 Qxc5 20. Rxe6 fxe6 21. Nxe6 Qe7 22. Nxf8 Rxf8 23. a3 Bc5 24. b4 Bb6 25. Bg2 Rd8 26. Qb3+ Kh8 27. Bf3 Qe8 28. Kg2 Qb5 29. Rd1 Re8 30. a4 Qf5 31. a5 Bd8 32. Qd3 Qe6 33. Bxb7 Be7 34. b5 Rd8 35. Qf3 Rxd1 36. Qxd1 Bc5 37. Qd8+ Kh7 38. Qd3+ Kh8 39. Bf3 Qa2 40. Qd2 Qc4 41. Be2 Qe4+ 42. Bf3 Qc4 43. Qb2 Bd4 44. Qb1 g5 45. Bd2 g4 46. Bc6 a6 47. Qg6 axb5 48. Qxh6+ Kg8 49. Qg6+ Kh8 50. Qh6+ Kg8 51. Bb7 Qe2 52. Qg5+ Kf7 53. Qf4 Be5 54. Qe3 Qd1 55. a6 Bb8 56. Bc3 Nd5 57. Qd4 Qf3+ 58. Kg1 Nxc3 59. Bxf3 1-0

[Event "World Blitz 2023"]
[Site "Samarkand UZB"]
[Date "2023.12.29"]
[Round "5.3"]
[White "Shamsiddin Vokhidov"]
[Black "Daniil Dubov"]
[Result "1/2-1/2"]
[EventDate "2023.12.29"]
[WhiteElo "2588"]
[BlackElo "2763"]
[PlyCount "154"]

1. e4 c5 2. Nf3 e6 3. d4 cxd4 4. Nxd4 Nf6 5. Nc3 Nc6 6. Qd3 d6 7. Bg5 Be7 8. O-O-O O-O 9. f4 Bd7 10. Ndb5 Nb4 11. Qd4 Bxb5 12. Bxb5 Qa5 13. a3 Na2+ 14. Nxa2 Qxb5 15. Nc3 Qc6 16. Bxf6 Bxf6 17. Qxd6 Qc4 18. Qd3 Rac8 19. Qxc4 Rxc4 20. e5 Be7 21. Ne2 Rfc8 22. c3 R4c7 23. Rd3 Kf8 24. Rhd1 Ke8 25. Nd4 a6 26. Kc2 Rc5 27. g3 g6 28. Nb3 R5c7 29. Nd2 b5 30. Ne4 a5 31. Rd4 Rb7 32. Kb3 h5 33. R1d3 Rc6 34. h3 Rbc7 35. g4 hxg4 36. hxg4 Rc4 37. g5 a4+ 38. Kc2 Rxd4 39. Rxd4 Rc6 40. Kd3 Rb6 41. Nf6+ Bxf6 42. gxf6 Rc6 43. Ke4 Rc5 44. Rd6 Rc4+ 45. Ke3 g5 46. fxg5 Rg4 47. Rb6 Rxg5 48. Rxb5 Kd7 49. Kf4 Rf5+ 50. Ke4 Kc6 51. Ra5 Rh5 52. Ra7 Rh4+ 53. Kf3 Kd5 54. Ra5+ Kc6 55. Ke3 Rh3+ 56. Kd4 Rh2 57. c4 Rxb2 58. Ra7 Rd2+ 59. Ke4 Re2+ 60. Kd4 Rd2+ 61. Ke3 Ra2 62. Rxf7 Rxa3+ 63. Kd4 Ra1 64. Re7 Rd1+ 65. Kc3 a3 66. Kb3 Rd3+ 67. Ka2 Rf3 68. Rxe6+ Kc5 69. Re7 Kb4 70. Rb7+ Ka4 71. f7 Rf2+ 72. Kb1 a2+ 73. Ka1 Ka3 74. Ra7+ Kb3 75. Rb7+ Ka3 76. Ra7+ Kb3 77. Rb7+ Ka3 1/2-1/2

[Event "World Blitz 2023"]
[Site "Samarkand UZB"]
[Date "2023.12.29"]
[Round "6.3"]
[White "Daniil Dubov"]
[Black "Jan-Krzysztof Duda"]
[Result "1/2-1/2"]
[EventDate "2023.12.29"]
[WhiteElo "2763"]
[BlackElo "2775"]
[PlyCount "42"]

1. d4 Nf6 2. Nf3 d5 3. Bf4 c5 4. e3 e6 5. Nbd2 Qb6 6. Rb1 cxd4 7. exd4 Bd7 8. Be2 Bb5 9. O-O Nc6 10. c3 Be7 11. Bxb5 Qxb5 12. a4 Qb6 13. Ne5 O-O 14. Re1 Rac8 15. h3 Nxe5 16. Bxe5 Nd7 17. Bf4 Bd6 18. Bxd6 Qxd6 19. Nf3 Rc6 20. h4 Rb8 21. Qd3 1/2-1/2

[Event "World Blitz 2023"]
[Site "Samarkand UZB"]
[Date "2023.12.29"]
[Round "9.3"]
[White "Anish Giri"]
[Black "Daniil Dubov"]
[Result "0-1"]
[EventDate "2023.12.29"]
[WhiteElo "2731"]
[BlackElo "2763"]
[PlyCount "144"]

1. e4 e5 2. Nf3 Nc6 3. Bc4 Nf6 4. d3 Be7 5. O-O O-O 6. Re1 d6 7. a4 Be6 8. Nc3 Bxc4 9. dxc4 a5 10. Nd5 Nxd5 11. cxd5 Nb8 12. Ra3 Nd7 13. h3 b6 14. Qe2 f5 15. exf5 Rxf5 16. c4 Rf7 17. Be3 h6 18. Raa1 Nf8 19. g3 Qd7 20. Kg2 Nh7 21. Nd2 Bg5 22. Ne4 Bxe3 23. fxe3 Raf8 24. b3 Qf5 25. Qg4 Qxg4 26. hxg4 Nf6 27. Nxf6+ Rxf6 28. Re2 Rg6 29. Kh3 Rf3 30. Kh4 Kh7 31. Rg1 Rg5 32. Rb1 Rf6 33. e4 Rfg6 34. Re3 Rxg4+ 35. Kh3 h5 36. b4 axb4 37. Rxb4 h4 38. gxh4 Rf4 39. a5 bxa5 40. Rb7 Rgg4 41. Rxc7 Rxh4+ 42. Kg3 Rhg4+ 43. Kh3 Rxe4 44. Rxe4 Rxe4 45. c5 dxc5 46. Rxc5 a4 47. d6 Rd4 48. Ra5 Kg6 49. Rxe5 Rxd6 50. Ra5 Rd4 51. Kg3 Rb4 52. Ra7 Kf6 53. Kf3 g6 54. Ra6+ Kg5 55. Kg2 Rb2+ 56. Kg3 Rb3+ 57. Kg2 a3 58. Ra4 Kh5 59. Kh2 Kg5 60. Kg2 Kf5 61. Ra6 g5 62. Ra4 Rb2+ 63. Kg3 a2 64. Kf3 Ke5 65. Kg4 Rb4+ 66. Rxb4 a1=Q 67. Rb5+ Ke6 68. Rxg5 Qd1+ 69. Kh4 Kf6 70. Rg2 Qe1+ 71. Kh3 Kf5 72. Rg3 Qh1# 0-1

[Event "World Blitz 2023"]
[Site "Samarkand UZB"]
[Date "2023.12.29"]
[Round "10.1"]
[White "Daniil Dubov"]
[Black "Magnus Carlsen"]
[Result "1/2-1/2"]
[EventDate "2023.12.29"]
[WhiteElo "2763"]
[BlackElo "2887"]
[PlyCount "38"]

1. d4 Nf6 2. Nf3 d5 3. c4 e6 4. g3 Be7 5. Bg2 O-O 6. O-O c5 7. cxd5 exd5 8. Nc3 h6 9. b3 Nc6 10. Bb2 Re8 11. Rc1 cxd4 12. Nxd4 Bg4 13. h3 Bd7 14. Kh2 Qa5 15. a3 Nxd4 16. Qxd4 Bxa3 17. Bxa3 Qxa3 18. Nxd5 Nxd5 19. Bxd5 1/2-1/2

[Event "World Blitz 2023"]
[Site "Samarkand UZB"]
[Date "2023.12.29"]
[Round "11.2"]
[White "Daniil Dubov"]
[Black "Ian Nepomniachtchi"]
[Result "1/2-1/2"]
[EventDate "2023.12.29"]
[WhiteElo "2763"]
[BlackElo "2795"]
[PlyCount "25"]

1. Nf3 Nf6 2. Nd4 Nd5 3. Nb3 Nb6 4. Nc3 Nc6 5. Ne4 Ne5 6. Ng5 Ng4 7. Nf3 Nf6 8. Ng1 Ng8 9. Nc5 Nc4 10. Na4 Na5 11. Nc3 Nc6 12. Nb1 Nb8 13. Nf3 { The arbiter scored this game a double forfeit for the event. } 1/2-1/2

[Event "World Rapid 2023"]
[Site "Samarkand UZB"]
[Date "2023.12.28"]
[Round "10.3"]
[White "Kirill Shevchenko"]
[Black "Daniil Dubov"]
[Result "1/2-1/2"]
[EventDate "2023.12.26"]
[WhiteElo "2651"]
[BlackElo "2710"]
[PlyCount "68"]

1. e4 e5 2. Nf3 Nc6 3. Bb5 a6 4. Bxc6 dxc6 5. O-O Bd6 6. d4 exd4 7. Qxd4 f6 8. b3 Ne7 9. Nbd2 Be6 10. Nc4 Bb4 11. Nb6 Qxd4 12. Nxd4 cxb6 13. Nxe6 Kf7 14. Nf4 Rad8 15. Nd3 Bc3 16. Rb1 Rhe8 17. Bf4 Rd7 18. f3 c5 19. Rfd1 Nc6 20. Bd2 Bxd2 21. Rxd2 Red8 22. Rf2 g5 23. Re1 Ne5 24. Nxe5+ fxe5 25. Rfe2 b5 26. Kf2 b4 27. h4 h6 28. hxg5 hxg5 29. Rh1 Kg6 30. g3 Rd1 31. Rxd1 Rxd1 32. Re1 Rd2+ 33. Re2 Rd1 34. Re1 1/2-1/2

[Event "World Rapid 2023"]
[Site "Samarkand UZB"]
[Date "2023.12.28"]
[Round "11.7"]
[White "Daniil Dubov"]
[Black "Giga Quparadze"]
[Result "1-0"]
[EventDate "2023.12.26"]
[WhiteElo "2710"]
[BlackElo "2491"]
[PlyCount "50"]

1. d4 Nf6 2. Nf3 e6 3. c4 Bb4+ 4. Bd2 a5 5. g3 O-O 6. Bg2 d5 7. O-O Be7 8. Bf4 c6 9. Nc3 Nbd7 10. Ne5 Nxe5 11. dxe5 Nd7 12. cxd5 exd5 13. e4 dxe4 14. Nxe4 g5 15. Bxg5 Bxg5 16. Qh5 Be7 17. Rad1 f5 18. e6 fxe4 19. Qg4+ Kh8 20. exd7 Rf7 21. Bxe4 Bc5 22. Qh5 Rxd7 23. Rxd7 Qxd7 24. Rd1 Qe7 25. Rd8+ 1-0

[Event "World Rapid 2023"]
[Site "Samarkand UZB"]
[Date "2023.12.28"]
[Round "13.6"]
[White "Daniil Dubov"]
[Black "Richard Rapport"]
[Result "1/2-1/2"]
[EventDate "2023.12.26"]
[WhiteElo "2710"]
[BlackElo "2731"]
[PlyCount "30"]

1. d4 Nf6 2. Nf3 d6 3. c4 g6 4. Nc3 Bg7 5. Bg5 h6 6. Bh4 g5 7. Bg3 Nh5 8. e3 c5 9. dxc5 Nxg3 10. hxg3 dxc5 11. Qxd8+ Kxd8 12. O-O-O+ Bd7 13. Be2 Nc6 14. Nd2 Ke8 15. f4 Bc8 1/2-1/2

[Event "World Rapid 2023"]
[Site "Samarkand UZB"]
[Date "2023.12.27"]
[Round "6.4"]
[White "Aleksandr Shimanov"]
[Black "Daniil Dubov"]
[Result "0-1"]
[EventDate "2023.12.26"]
[WhiteElo "2578"]
[BlackElo "2710"]
[PlyCount "128"]

1. d4 Nf6 2. c4 e6 3. Nc3 Bb4 4. e3 O-O 5. Ne2 c6 6. a3 Ba5 7. b4 Bc7 8. Ng3 d5 9. Bb2 Nbd7 10. Be2 dxc4 11. Bxc4 e5 12. Be2 exd4 13. Qxd4 Be5 14. Qd2 Nb6 15. Qc2 Be6 16. O-O Nc4 17. Bxc4 Bxc4 18. Rfd1 Qe7 19. Nce2 Bxe2 20. Qxe2 g6 21. Qc2 a5 22. Rab1 axb4 23. Bxe5 Qxe5 24. axb4 Rfd8 25. Rdc1 Rd5 26. h3 Rad8 27. Qc4 h5 28. Re1 Rd3 29. Rbc1 Kg7 30. Ne2 Qd5 31. Nd4 Qxc4 32. Rxc4 Rd2 33. Rec1 Ra8 34. R4c2 Rxc2 35. Rxc2 Ne4 36. f3 Nd6 37. Kf2 Ra4 38. Rb2 Nc4 39. Rb3 Ra2+ 40. Kg1 Rd2 41. Rc3 Nxe3 42. Ne6+ fxe6 43. Rxe3 Rb2 44. Re4 Kf6 45. h4 e5 46. g4 Rd2 47. gxh5 gxh5 48. f4 exf4 49. Rxf4+ Ke6 50. Re4+ Kd6 51. Rf4 b5 52. Rf5 Rd4 53. Rxh5 Rxb4 54. Rh8 Re4 55. h5 b4 56. h6 Kc5 57. Kf2 Re6 58. Kf3 b3 59. Kf4 Kc4 60. Kf5 b2 61. Rb8 Rxh6 62. Rxb2 c5 63. Rc2+ Kd4 64. Rc1 c4 0-1

[Event "World Rapid 2023"]
[Site "Samarkand UZB"]
[Date "2023.12.27"]
[Round "7.2"]
[White "Daniil Dubov"]
[Black "Ivan Cheparinov"]
[Result "1/2-1/2"]
[EventDate "2023.12.26"]
[WhiteElo "2710"]
[BlackElo "2663"]
[PlyCount "34"]

1. d4 d5 2. c4 dxc4 3. e4 e5 4. Nf3 Bb4+ 5. Nc3 exd4 6. Nxd4 Nd7 7. Bxc4 Ngf6 8. Bxf7+ Kxf7 9. Qb3+ Ke8 10. Qxb4 c5 11. Qa3 cxd4 12. Nb5 Nxe4 13. O-O Ndf6 14. Bf4 Kf7 15. f3 Qb6 16. fxe4 d3+ 17. Kh1 1/2-1/2

[Event "World Rapid 2023"]
[Site "Samarkand UZB"]
[Date "2023.12.27"]
[Round "8.3"]
[White "Volodar Murzin"]
[Black "Daniil Dubov"]
[Result "1/2-1/2"]
[EventDate "2023.12.26"]
[WhiteElo "2627"]
[BlackElo "2710"]
[PlyCount "176"]

1. d4 Nf6 2. Nf3 d5 3. Bf4 Bf5 4. e3 e6 5. Bd3 Bd6 6. O-O O-O 7. Bxd6 Qxd6 8. c4 Bg4 9. Nbd2 Nbd7 10. h3 Bh5 11. Rc1 c6 12. Qb3 Rab8 13. Qc3 Qe7 14. b4 a6 15. c5 Rfe8 16. a4 Bxf3 17. Nxf3 e5 18. dxe5 Nxe5 19. Nxe5 Qxe5 20. Qd4 Ra8 21. Qxe5 Rxe5 22. Rfd1 g6 23. a5 Kg7 24. Bc2 Rae8 25. Rd4 R5e7 26. Rcd1 Nd7 27. g3 Nf8 28. Kg2 Ne6 29. R4d2 f5 30. h4 Kf6 31. Kf3 Rf8 32. Kg2 Rd8 33. Kf3 Red7 34. Bd3 Re7 35. Kg2 Ng7 36. Bc2 Rde8 37. Bd3 Kf7 38. Bc2 Nh5 39. Rd4 Nf6 40. Bd3 Re5 41. Rh1 Kg7 42. Rd1 R5e7 43. Bc2 Ne4 44. Rh1 Re5 45. Bd3 h6 46. Rh2 Rf8 47. Rh1 Re7 48. Bc2 Nf6 49. Bd3 Re5 50. Bc2 Rf7 51. Bd3 Re6 52. Bc2 Re8 53. Bd3 Nd7 54. Bc2 Nf8 55. Rd2 Ne6 56. Rdd1 Rf6 57. Rd2 Rff8 58. Rdd1 Kf6 59. Rd2 Rh8 60. Kf3 g5 61. Kg2 Rd8 62. hxg5+ hxg5 63. Rdd1 g4 64. f3 gxf3+ 65. Kxf3 Ke5 66. Rh4 Rhg8 67. Rh5 Rg5 68. Rdh1 Rdg8 69. Rxg5 Nxg5+ 70. Kf2 Rg7 71. Rh6 Nf7 72. Rh4 Rg5 73. Kf3 Rg7 74. Bd3 Ng5+ 75. Kf2 Ne4+ 76. Bxe4 dxe4 77. Rh5 Kd5 78. g4 Rxg4 79. Rxf5+ Kc4 80. Rf7 Kxb4 81. Rxb7+ Kxa5 82. Rb6 Rg6 83. Ke2 Ka4 84. Kd2 Rg5 85. Rxc6 a5 86. Kc3 Kb5 87. Rb6+ Kxc5 88. Re6 1/2-1/2

[Event "World Rapid 2023"]
[Site "Samarkand UZB"]
[Date "2023.12.27"]
[Round "9.3"]
[White "Daniil Dubov"]
[Black "Pouya Idani"]
[Result "1/2-1/2"]
[EventDate "2023.12.26"]
[WhiteElo "2710"]
[BlackElo "2602"]
[PlyCount "38"]

1. d4 d5 2. c4 e6 3. Nf3 Nf6 4. g3 Bb4+ 5. Nc3 O-O 6. Bg2 dxc4 7. O-O Nc6 8. a3 Bxc3 9. bxc3 h6 10. Qa4 Bd7 11. Qxc4 Na5 12. Qd3 c5 13. Ne5 Rc8 14. Rb1 cxd4 15. cxd4 Ba4 16. Bd2 Bc2 17. Bxa5 Qxa5 18. Qb5 Qxb5 19. Rxb5 1/2-1/2

[Event "World Rapid 2023"]
[Site "Samarkand UZB"]
[Date "2023.12.26"]
[Round "1.13"]
[White "Daniil Dubov"]
[Black "Rudik Makarian"]
[Result "1-0"]
[EventDate "2023.12.26"]
[WhiteElo "2712"]
[BlackElo "2493"]
[PlyCount "74"]

1. d4 Nf6 2. c4 e6 3. Nf3 d5 4. g3 Be7 5. Bg2 O-O 6. O-O dxc4 7. Qc2 a6 8. a4 Bd7 9. Bg5 Bc6 10. Rd1 b5 11. Nc3 Qe8 12. e4 Nbd7 13. d5 exd5 14. exd5 Bb7 15. Re1 Qd8 16. Nd4 Nc5 17. d6 Bxd6 18. Bxb7 Nxb7 19. Ne4 Bc5 20. Bxf6 gxf6 21. Nf5 Kh8 22. Rad1 Bd6 23. Qc3 b4 24. Qf3 Rb8 25. Qh5 Rg8 26. Nh6 Qf8 27. Nxf7+ Kg7 28. Nh6 Re8 29. Nxg8 Qxg8 30. Nxf6 Rxe1+ 31. Rxe1 Kxf6 32. Qf3+ Kg7 33. Qg4+ Kf7 34. Qxc4+ Kg7 35. Qg4+ Kf7 36. Qf3+ Kg7 37. Qxb7 1-0

[Event "World Rapid 2023"]
[Site "Samarkand UZB"]
[Date "2023.12.26"]
[Round "2.7"]
[White "Arseniy Nesterov"]
[Black "Daniil Dubov"]
[Result "1/2-1/2"]
[EventDate "2023.12.26"]
[WhiteElo "2497"]
[BlackElo "2712"]
[PlyCount "150"]

1. d4 Nf6 2. c4 g6 3. Nc3 Bg7 4. e4 d6 5. Be2 O-O 6. Be3 a5 7. Nf3 Ng4 8. Bg5 h6 9. Bh4 Nf6 10. Nd2 Nc6 11. d5 Nd4 12. O-O e5 13. Bd3 g5 14. Bg3 h5 15. h3 h4 16. Bh2 g4 17. Kh1 Bh6 18. Nb3 Nxb3 19. axb3 Kh8 20. f4 gxh3 21. gxh3 Bxh3 22. fxe5 Rg8 23. Rg1 Ng4 24. Qf3 Qg5 25. Be2 Qe3 26. Qxe3 Bxe3 27. Bxg4 Bxg4 28. Rxg4 Rxg4 29. exd6 cxd6 30. Bxd6 Rag8 31. Be5+ Kh7 32. d6 Bf4 33. Bxf4 Rxf4 34. Rg1 Rd8 35. e5 Rf5 36. Nd5 Rxe5 37. Nf6+ Kh8 38. d7 Re7 39. Kh2 b6 40. Kh3 Rexd7 41. Nxd7 Rxd7 42. Kxh4 Rd3 43. Rc1 Rxb3 44. c5 Rb4+ 45. Kg3 bxc5 46. Rxc5 a4 47. Ra5 Kg7 48. Kf3 Kg6 49. Ke3 f6 50. Kf3 Kf7 51. Ra6 Kg7 52. Ra7+ Kh6 53. Ra5 Kg6 54. Ke3 f5 55. Ra8 Kf6 56. Ra7 f4+ 57. Kd3 Kf5 58. Kc3 Rb3+ 59. Kc2 Rb4 60. Kc3 Rb3+ 61. Kc2 Rb6 62. Rxa4 f3 63. Kd3 Re6 64. Ra8 Kf4 65. Rf8+ Kg3 66. Rg8+ Kh3 67. Rh8+ Kg2 68. Rg8+ Kf1 69. b4 Rc6 70. Rf8 f2 71. Kd4 Ke2 72. b5 Rc7 73. Re8+ Kd2 74. Rf8 Ke2 75. Re8+ 1/2-1/2

[Event "World Rapid 2023"]
[Site "Samarkand UZB"]
[Date "2023.12.26"]
[Round "3.21"]
[White "Daniil Dubov"]
[Black "Jinshi Bai"]
[Result "1-0"]
[EventDate "2023.12.26"]
[WhiteElo "2712"]
[BlackElo "2540"]
[PlyCount "38"]

1. d4 Nf6 2. Nf3 d5 3. c4 c6 4. Nc3 dxc4 5. a4 Bf5 6. Ne5 e6 7. f3 c5 8. e4 cxd4 9. Bxc4 Bg6 10. Bb5+ Nbd7 11. Bg5 Qc7 12. Bxf6 gxf6 13. Nxd7 O-O-O 14. Qxd4 Rxd7 15. Bxd7+ Qxd7 16. Qxa7 Bd6 17. Qa8+ Bb8 18. Rc1 Kc7 19. Qa5+ 1-0

[Event "World Rapid 2023"]
[Site "Samarkand UZB"]
[Date "2023.12.26"]
[Round "4.11"]
[White "Conrad Holt"]
[Black "Daniil Dubov"]
[Result "1/2-1/2"]
[EventDate "2023.12.26"]
[WhiteElo "2548"]
[BlackElo "2712"]
[PlyCount "162"]

1. d4 Nf6 2. c4 g6 3. Nc3 Bg7 4. e4 d6 5. Nf3 O-O 6. h3 Re8 7. Bg5 Nc6 8. d5 Nb4 9. a3 Na6 10. Bd3 Nc5 11. O-O e6 12. Bc2 h6 13. Be3 exd5 14. exd5 Bd7 15. Re1 a5 16. Qd2 Kh7 17. Bd4 a4 18. Qf4 Kg8 19. g4 Nh7 20. Kg2 Rxe1 21. Rxe1 Bxd4 22. Nxd4 Qf6 23. Qxf6 Nxf6 24. Ndb5 Ne8 25. Kg3 c6 26. Nd4 Nf6 27. dxc6 bxc6 28. f3 Kf8 29. h4 Ra6 30. Kf2 Be8 31. Re2 Nfd7 32. Ne4 Nxe4+ 33. Bxe4 Ne5 34. h5 gxh5 35. gxh5 Rb6 36. Rc2 Bd7 37. f4 Ng4+ 38. Kf3 c5 39. Nb5 Nf6 40. Nc3 Rb3 41. Bd3 Bc6+ 42. Ke3 Nxh5 43. Be4 Bd7 44. Rd2 Ke7 45. Rh2 Nf6 46. Bf3 h5 47. Bd1 Ng4+ 48. Bxg4 Bxg4 49. Ke4 Ke6 50. Ke3 Rb8 51. Nxa4 Kf5 52. Nc3 Re8+ 53. Kf2 Kxf4 54. Rh1 Kg5 55. b4 cxb4 56. axb4 Rc8 57. Ne4+ Kf4 58. Nxd6 Ra8 59. Rf1 Bf3 60. Kg1 Ra2 61. Rf2 Ra7 62. c5 h4 63. b5 h3 64. Kh2 Ra1 65. Kxh3 Rh1+ 66. Rh2 Bg4+ 67. Kg2 Bf3+ 68. Kh3 Rg1 69. Rb2 Rh1+ 70. Rh2 Bg4+ 71. Kg2 Rc1 72. c6 Bf3+ 73. Kf2 Rc2+ 74. Kg1 Rc1+ 75. Kf2 Rc2+ 76. Kg1 Rc1+ 77. Kf2 Rc2+ 78. Kg1 Rc1+ 79. Kf2 Rc2+ 80. Kg1 Rc1+ 81. Kf2 1/2-1/2

[Event "World Rapid 2023"]
[Site "Samarkand UZB"]
[Date "2023.12.26"]
[Round "5.11"]
[White "Daniil Dubov"]
[Black "Chithambaram VR Aravindh"]
[Result "1-0"]
[EventDate "2023.12.26"]
[WhiteElo "2710"]
[BlackElo "2646"]
[PlyCount "102"]

1. d4 d5 2. Nf3 Nf6 3. c4 dxc4 4. e3 Bg4 5. Nbd2 e6 6. h3 Bh5 7. g4 Bg6 8. Ne5 Nbd7 9. Nxg6 hxg6 10. Bg2 c5 11. Nxc4 b5 12. Na3 Rb8 13. O-O Qc7 14. Bd2 cxd4 15. Rc1 Qd8 16. Nc2 dxe3 17. Bxe3 Rc8 18. Nd4 Rxc1 19. Qxc1 Bc5 20. Nxb5 Qb6 21. Bxc5 Nxc5 22. b4 Qxb5 23. bxc5 O-O 24. Qa3 Nd5 25. Rc1 Nf4 26. Bf1 Qc6 27. Qxa7 Qf3 28. c6 Nxh3+ 29. Bxh3 Qxh3 30. Qd4 e5 31. Qc4 Qa3 32. Rc3 Qe7 33. c7 Rc8 34. a4 e4 35. a5 Qd7 36. Qxe4 g5 37. a6 Rxc7 38. Qa8+ Kh7 39. Rh3+ Kg6 40. Qe4+ f5 41. Qxf5+ Qxf5 42. gxf5+ Kxf5 43. Ra3 Ra7 44. Kg2 Kf6 45. Kg3 Kg6 46. Kg4 Kf6 47. Ra5 g6 48. Ra3 Kf7 49. Kxg5 Kg7 50. Ra4 Kh7 51. Kf6 1-0

[Event "Levitov Chess Week Rapid"]
[Site "Amsterdam NED"]
[Date "2023.09.26"]
[Round "15"]
[White "Wesley So"]
[Black "Daniil Dubov"]
[Result "1-0"]
[EventDate "2023.09.22"]
[WhiteElo "2753"]
[BlackElo "2710"]
[PlyCount "236"]

1. e4 c5 2. Nf3 g6 3. d4 cxd4 4. Nxd4 Nc6 5. c4 Nf6 6. Nc3 d6 7. f3 Nxd4 8. Qxd4 Bg7 9. Be3 O-O 10. Qd2 Be6 11. Rc1 a6 12. Be2 b5 13. cxb5 axb5 14. Bxb5 Bxa2 15. Bc6 Ra6 16. Bb5 Ra8 17. Bc6 Ra6 18. Bb7 Rb6 19. Bxb6 Qxb6 20. Nxa2 Qxb7 21. Nb4 Qb6 22. Nc6 Re8 23. Qf2 Qb5 24. Qe2 Qb6 25. Qf2 Qb5 26. Qe2 Qb6 27. g3 Nd7 28. b4 Bf6 29. Kf1 Kg7 30. Kg2 Rc8 31. b5 Ra8 32. Rc2 Ra3 33. Rb1 h5 34. Qf2 Qb7 35. Ra2 Rc3 36. Na5 Qc8 37. b6 h4 38. b7 Qc7 39. gxh4 Rc5 40. Nb3 Rb5 41. Nd2 Rxb1 42. Nxb1 Qxb7 43. Nd2 Ne5 44. h5 gxh5 45. Nf1 Ng6 46. Kh1 Qb1 47. Re2 Bh4 48. Rb2 Qc1 49. Rc2 Qa3 50. Qe3 Qa6 51. Ng3 Kh7 52. Rg2 Bxg3 53. Rxg3 Qf1+ 54. Rg1 Qh3 55. Rg3 Qf1+ 56. Rg1 Qh3 57. Qf2 Qe6 58. Rg5 h4 59. Rg1 Qb3 60. f4 Qd3 61. Re1 f5 62. exf5 Qxf5 63. Qf3 e6 64. Rf1 d5 65. h3 d4 66. Qg4 Qe4+ 67. Kh2 d3 68. f5 Qe5+ 69. Kg2 Qd5+ 70. Kh2 Qe5+ 71. Kg2 Qd5+ 72. Kg1 Qc5+ 73. Kh1 Qd5+ 74. Kg1 Qc5+ 75. Rf2 Qc1+ 76. Kg2 Qc6+ 77. Kh2 Qc7+ 78. Kh1 Qc1+ 79. Qg1 Qc6+ 80. Qg2 Qxg2+ 81. Kxg2 exf5 82. Rxf5 d2 83. Rf7+ Kh6 84. Rd7 Nf4+ 85. Kh2 Kg5 86. Rxd2 Kf5 87. Ra2 Kg5 88. Ra5+ Kg6 89. Ra1 Kf5 90. Rg1 Ng6 91. Rg4 Ne5 92. Ra4 Ng6 93. Ra5+ Ne5 94. Kg2 Kf4 95. Ra4+ Kg5 96. Kf2 Nf7 97. Ra5+ Kf4 98. Rh5 Ng5 99. Rxh4+ Kf5 100. Kg3 Nf7 101. Rg4 Ne5 102. Rg8 Kf6 103. h4 Kf7 104. Rg5 Kf6 105. Kf4 Ng6+ 106. Kg4 Nf8 107. h5 Ne6 108. Rg6+ Kf7 109. Kf5 Nd4+ 110. Kg5 Nf3+ 111. Kf4 Nd4 112. Rg2 Kf6 113. h6 Ne6+ 114. Ke4 Nf8 115. Rf2+ Ke7 116. Rf5 Nh7 117. Kf4 Ke6 118. Kg4 1-0

[Event "Levitov Chess Week Rapid"]
[Site "Amsterdam NED"]
[Date "2023.09.26"]
[Round "16"]
[White "Daniil Dubov"]
[Black "Ian Nepomniachtchi"]
[Result "1-0"]
[EventDate "2023.09.22"]
[WhiteElo "2710"]
[BlackElo "2771"]
[PlyCount "48"]

1. d4 Nf6 2. Nf3 d5 3. Bg5 Ne4 4. Bh4 h5 5. h3 Rg8 6. Nbd2 g5 7. Nxe4 gxh4 8. Nc3 e6 9. e4 Bh6 10. Ne5 Qg5 11. exd5 Kf8 12. Bc4 f6 13. dxe6 fxe5 14. Qf3+ Kg7 15. Qf7+ Kh8 16. e7 Be6 17. Qxe6 Nc6 18. Ne4 Qg7 19. Nf6 Qxg2 20. Bd5 Qxh1+ 21. Bxh1 Rg1+ 22. Ke2 Nxd4+ 23. Kd3 Nxe6 24. Rxg1 1-0

[Event "Levitov Chess Week Rapid"]
[Site "Amsterdam NED"]
[Date "2023.09.26"]
[Round "17"]
[White "Daniil Dubov"]
[Black "Shakhriyar Mamedyarov"]
[Result "1-0"]
[EventDate "2023.09.22"]
[WhiteElo "2710"]
[BlackElo "2734"]
[PlyCount "66"]

1. d4 Nf6 2. c4 e6 3. Nf3 d5 4. g3 Be7 5. Bg2 O-O 6. Bf4 dxc4 7. Qa4 b6 8. Qxc4 Nd5 9. Nc3 Nxf4 10. gxf4 Bb7 11. O-O-O a6 12. d5 b5 13. Qb3 exd5 14. Nxd5 Bd6 15. Ng5 Nd7 16. Kb1 Bxf4 17. Nxh7 Kxh7 18. Nxf4 Bxg2 19. Nxg2 Kg8 20. Qh3 f5 21. Nf4 Qe8 22. Qb3+ Rf7 23. Ne6 Qe7 24. Rhg1 Nc5 25. Qd5 c6 26. Qxc6 Qb7 27. Qxb7 Nxb7 28. Rg6 Re8 29. e3 Ree7 30. Nf4 Nc5 31. Rd8+ Kh7 32. Rg3 Rf6 33. Nd5 1-0

[Event "Levitov Chess Week Rapid"]
[Site "Amsterdam NED"]
[Date "2023.09.26"]
[Round "18"]
[White "Alexander Grischuk"]
[Black "Daniil Dubov"]
[Result "1/2-1/2"]
[EventDate "2023.09.22"]
[WhiteElo "2732"]
[BlackElo "2710"]
[PlyCount "38"]

1. d4 Nf6 2. Nf3 d5 3. c4 e6 4. Nc3 Be7 5. Bf4 c5 6. dxc5 Bxc5 7. e3 Nc6 8. a3 O-O 9. Qc2 Qa5 10. Rd1 Rd8 11. Nd2 dxc4 12. Bxc4 Be7 13. h3 Bd7 14. O-O Rac8 15. Nb3 Qh5 16. Be2 Qg6 17. Bd3 Qh5 18. Be2 Qg6 19. Bd3 1/2-1/2

[Event "Levitov Chess Week Rapid"]
[Site "Amsterdam NED"]
[Date "2023.09.24"]
[Round "11"]
[White "Boris Gelfand"]
[Black "Daniil Dubov"]
[Result "1/2-1/2"]
[EventDate "2023.09.22"]
[WhiteElo "2655"]
[BlackElo "2710"]
[PlyCount "32"]

1. d4 Nf6 2. c4 e6 3. Nf3 d5 4. g3 Be7 5. Bg2 O-O 6. O-O dxc4 7. Qa4 a6 8. Qxc4 b5 9. Qc2 Bb7 10. Bf4 Nc6 11. Nc3 Nb4 12. Qd2 c5 13. dxc5 Bxc5 14. Qxd8 Rfxd8 15. a4 Nbd5 16. Nxd5 Nxd5 1/2-1/2